| 000 | 00780 a2200217 4500 | ||
|---|---|---|---|
| 001 | 10467 | ||
| 005 | 20260407155438.0 | ||
| 008 | 260407a1985 arg spa d | ||
| 003 | AR-UNSa-BCEJYS | ||
| 040 |
_aAR-UNSa-BCEJYS _bspa _cAR-UNSa-BCEJYS |
||
| 080 |
_a347.72 _xSociedades comerciales |
||
| 245 | 1 | 0 |
_aLey de sociedades comerciales _pComentada, anotada y concordada |
| 020 | _a950-569-003-7 | ||
| 264 | 1 |
_aBuenos Aires : _bAbaco _c1985 |
|
| 300 |
_a437 p. _c22 cm. |
||
| 505 | _aVol. 3: Reforma de la Ley 19.550. Régimen de la Ley 22.903 | ||
| 942 | _cBK | ||
| 590 | _aniveau_biblio:m niveau_hierar:0 | ||
| 100 | 1 | _aNissen, Ricardo Augusto | |
| 856 | 4 | 1 |
_uhttps://biblioeco.unsa.edu.ar/pmb/images/libros/Ley de Sociedades Comerciales(Tomo3).jpg _yImagen de portada _qimage/jpeg |
| 999 |
_c460 _d460 |
||